[Event "Nancy-A"]
[Site "?"]
[Date "2014.03.06"]
[Round "3"]
[White "Brunner, N."]
[Black "Solodovnichenko, Y."]
[Result "0-1"]
[WhiteElo "2449"]
[BlackElo "2586"]
[Annotator "SRavot"]
[PlyCount "60"]
[EventDate "2014.03.06"]
[SourceDate "2014.03.06"]

1. d4 d5 2. c4 e6 3. Nc3 c6 4. e4 dxe4 5. Nxe4 Bb4+ 6. Bd2 {Le gambit Marshall
du pion Dame.} Qxd4 7. Bxb4 Qxe4+ 8. Be2 {Les Blancs ont obtenu les faiblesses
sur cases noires, la paire de Fous et l'avance de développement.} Na6 9. Ba5 (
9. Bd6 Qxg2 10. Qd2 e5 11. Bxe5 Bf5 12. Bf3 Qg6 13. O-O-O Nc5 14. Qe3 Bb1 15.
Rd2 Bxa2 16. Bd6+ Ne6 17. Be4 Qh6 18. f4 Nf6 19. Nf3 Bxc4 20. Re1 O-O-O 21.
Bxc6 Ba6 22. Ng5 Nxg5 23. Bd7+ Kxd7 24. Qe7+ Kc6 25. Qc7+ {1-0 Bacrot,E (2713)
-Morozevich,A (2770)/Biel SUI 2012}) 9... f6 (9... b6 10. Qd6 Bd7 11. Bc3 f6
12. Nf3 Nh6 13. Rd1 Rd8 14. Qa3 Bc8 15. Nd2 Qf4 16. O-O c5 17. Qa4+ Ke7 18. Bf3
Qc7 19. Rfe1 Nf5 20. Be4 Nd4 21. Nf3 Nxf3+ 22. Bxf3 Rxd1 23. Qxd1 Nb4 24. Qb1
Nc6 25. Qe4 Ne5 26. Bh5 Nf7 27. f4 g6 28. Bf3 a5 29. h4 Rg8 30. g4 h6 31. Kg2
f5 32. Qe3 g5 33. fxg5 hxg5 34. h5 Nh6 35. Be5 Qd7 36. Rd1 Qa4 37. Qd2 Kf7 38.
Qd6 Qe8 39. Qxb6 Qe7 40. Bd6 Qd8 41. Qxc5 fxg4 42. Bc6 Bd7 43. Qa7 Ke8 44.
Bxd7+ Qxd7 45. Qxd7+ Kxd7 46. Bf8+ {1-0 Volkov,S (2590)-Bukavshin,I (2510)/
Taganrog RUS 2013}) 10. Nf3 b6 11. Nd2 Qf4 12. Bh5+ g6 {La symétrie Fa5/b6 et
Fh5/g6 est esthétique !} 13. Bf3 Qe5+ 14. Kf1 Qc7 {Les Noirs ont finalement
rappatrié leur Dame. Ils vont maintenant essayer de développer leurs pièces...}
15. Bc3 Nc5 {Rejoue la même pièce mais pour stopper Ce4.} 16. b4 Nb7 17. Ne4 e5
18. c5 {Le Cb7 est mal placé mais au moins il contrôle d6.} Be6 19. Qa4 {Pour
mettre de la pression sur a7 et c6 mais cela ne posera finalement pas de
grands problèmes aux Noirs.} (19. Qe2 {avec compensations}) 19... Kf7 20. Rd1
Ne7 {Les Noirs ont finalement rattrapé leur retard de développement, ils ont
même lié leurs Tours !} 21. g3 Bd5 22. Kg2 g5 23. Rhe1 Ng6 24. Kg1 Rhd8 25. Qc2
bxc5 26. bxc5 Nxc5 27. Nxc5 Bxf3 28. Rxd8 (28. Rb1 $15) 28... Rxd8 {Maintenant
cela fait deux pions de plus et les compensations blanches se sont un peu
évaporées.} 29. Qf5 Qe7 30. Bxe5 $2 (30. Rb1 e4 $17) 30... Qxe5 0-1

[Event "Nancy-A"]
[Site "?"]
[Date "2014.03.06"]
[Round "3"]
[White "Genzling, A."]
[Black "Istratescu, A."]
[Result "1/2-1/2"]
[WhiteElo "2405"]
[BlackElo "2672"]
[Annotator "SRavot"]
[PlyCount "115"]
[EventDate "2014.03.06"]
[SourceDate "2014.03.06"]

1. d4 Nf6 2. Bg5 e6 3. e4 h6 4. Bxf6 Qxf6 5. c3 d6 6. Bd3 g6 7. Ne2 Bg7 8. O-O
Nd7 9. f4 Qe7 10. Nd2 O-O 11. e5 b6 12. Qe1 Bb7 13. Qg3 Rfd8 14. Ne4 Nf8 15. h4
Bxe4 16. Bxe4 d5 17. Bd3 h5 18. f5 $5 {Pour éviter que les Noirs ne le jouent
eux-mêmes.} (18. Ba6 f5) 18... exf5 19. Bxf5 {un sacrifice de pièce intéressant
} gxf5 20. Rxf5 Ng6 21. Rxh5 c5 22. Rf1 cxd4 23. cxd4 Rac8 24. Rg5 $1 {La
menace h5 pose des problèmes aux Noirs.} Rc2 25. Nf4 Qb4 26. e6 $1 {Met les
Noirs en difficulté. Heureusement pour eux, ce sont les Blancs qui sont en
zeitnot.} Qxd4+ 27. Kh2 Rf8 28. h5 $1 {Il est bien meilleur d'augmenter ainsi
la pression.} Rc7 29. hxg6 (29. Nxd5 $18) 29... fxg6 30. Rxd5 Qe4 31. Re1 (31.
Rg5 $18) 31... Qc4 (31... Qxf4 $142 32. Qxf4 Rxf4 33. e7 Rf8 34. exf8=Q+ Kxf8
$16) 32. e7 Rxe7 33. Rxe7 Rxf4 34. Rd8+ Kh7 35. Rxg7+ $2 {Les Blancs paniquent
par manque de temps. Ils étaient complètement gagnants ici.} (35. Qe3 $1 Rh4+
36. Kg1 $18) 35... Kxg7 36. Qc3+ $6 {Se met légèrement en difficulté mais
peut-être un bon choix pratique.} Qxc3 37. bxc3 Ra4 38. Rd2 Kf6 (38... Ra3 39.
c4 Kf6 {mais cela doit être nulle aussi.}) 39. Kg3 Ke5 40. Kf3 b5 41. Ke3 Ra3
42. Kd3 a5 43. Rc2 g5 44. Re2+ Kf4 45. Kd4 g4 46. Rc2 g3 47. Kc5 Ke3 48. Kxb5
Kd3 49. Rb2 Kxc3 50. Re2 Kd3 51. Rb2 Ke3 52. Rc2 Ke4 53. Re2+ Kd4 54. Rd2+ Ke3
55. Rc2 Ke4 56. Re2+ Kd4 57. Rd2+ Ke3 58. Rc2 {Trois fois la même position.}
1/2-1/2

[Event "Nancy-A"]
[Site "?"]
[Date "2014.03.06"]
[Round "3"]
[White "Donchenko, A."]
[Black "Nezar, M."]
[Result "1-0"]
[WhiteElo "2463"]
[BlackElo "2392"]
[Annotator "SR"]
[PlyCount "99"]
[EventDate "2014.03.06"]
[SourceDate "2014.03.06"]

1. c4 e6 2. g3 Nf6 3. Bg2 d5 4. Nf3 c6 5. Qc2 Nbd7 6. d4 dxc4 7. Qxc4 Bd6 8.
O-O O-O 9. Rd1 Qe7 10. Qc2 e5 11. Nc3 Re8 12. h3 Bc7 13. b3 exd4 14. Nxd4 Qc5
15. a3 Qh5 16. g4 Qe5 17. f4 Qc5 18. e4 Nb6 19. a4 Nxg4 20. a5 Rd8 21. Ba3 Qh5
22. Qe2 Nf6 23. e5 Qxe2 24. Ndxe2 Rxd1+ 25. Rxd1 {Les deux Cavaliers noirs
restent en prise.} Nfd5 26. axb6 Bxb6+ 27. Kh2 Ne3 28. Rd3 Nxg2 29. Kxg2 Bf5
30. Rd2 Be3 31. Rd6 a5 32. Nd4 Bxd4 33. Rxd4 b5 34. Be7 Be6 35. Rd8+ Rxd8 36.
Bxd8 Bxb3 37. Bxa5 f6 38. Kf3 Kf7 39. Ke4 Bc4 40. Bb4 Bf1 41. h4 h6 42. Nd1
Bg2+ 43. Kd4 g5 44. Ne3 {Diagramme #} (44. hxg5 hxg5 45. f5 $18) 44... gxh4 $1
45. Ng4 (45. Nxg2 h3) 45... h3 46. Nxh6+ Kg6 47. e6 h2 48. e7 {Diagramme #}
h1=Q $2 (48... c5+ $1 49. Kxc5 Bc6 ({ou} 49... h1=Q 50. e8=Q+ Kxh6 $11) 50.
Kxc6 h1=Q+ 51. Kd7) 49. e8=Q+ Kxh6 50. Bf8+ 1-0

[Event "Nancy-A"]
[Site "?"]
[Date "2014.03.06"]
[Round "3"]
[White "Sochacki, C."]
[Black "Demuth, A."]
[Result "1-0"]
[WhiteElo "2436"]
[BlackElo "2488"]
[Annotator "SRavot"]
[PlyCount "83"]
[EventDate "2014.03.06"]
[SourceDate "2014.03.06"]

1. e4 e5 2. Nf3 Nc6 3. d4 exd4 4. Nxd4 Bb4+ 5. c3 Be7 {Le pion c3 prend
maintenant la case du Cb1.} 6. Bf4 Nf6 7. e5 {Ce coup va perturber le
développement des Noirs et finalement aboutir à un affaiblissement de la
structure de pions.} Nd5 8. Bg3 O-O 9. Be2 d6 10. exd6 Bxd6 11. Nxc6 bxc6 12.
O-O Rb8 {Comme souvent, la présence des pions doublés est compensée, au moins
partiellement, par une certaine activité.} 13. Qc2 Qf6 14. Bd3 h5 15. Nd2 h4
16. Bxd6 cxd6 17. g3 Bh3 18. Rfe1 Ne7 19. Re3 Bf5 20. Rae1 Bxd3 21. Qxd3 Ng6
22. b3 d5 23. f4 Rfd8 24. Nf3 c5 25. R3e2 c4 26. bxc4 dxc4 27. Qxc4 Rbc8 28.
Qb4 hxg3 29. hxg3 a5 30. Qxa5 Rxc3 31. Re8+ Rxe8 32. Rxe8+ Nf8 33. Qb4 Rc1+ 34.
Ne1 Kh7 35. Qxf8 Qd4+ 36. Kf1 Qd3+ 37. Kf2 Qd4+ 38. Kf3 Qd5+ 39. Kg4 Rxe1 $2 (
39... Rc6 $1 $11) 40. Rxe1 Kg6 41. Qh8 ({ou} 41. Kh3) 41... Qd7+ 42. Kh4 1-0

[Event "Nancy-B"]
[Site "?"]
[Date "2014.03.06"]
[Round "3"]
[White "Nass, E."]
[Black "Ninov, N."]
[Result "0-1"]
[WhiteElo "2233"]
[BlackElo "2472"]
[Annotator "SR"]
[PlyCount "80"]
[EventDate "2014.03.06"]
[SourceDate "2014.03.06"]

1. d4 Nf6 2. c4 e6 3. g3 c5 4. Nf3 cxd4 5. Nxd4 Qc7 6. Qd3 e5 7. Nc2 Qc6 8. f3
d5 9. cxd5 Nxd5 10. Nc3 Nxc3 11. Qxc3 Qxc3+ 12. bxc3 Be6 13. e4 Nd7 {Les
Blancs ont manqué l'ouverture, maintenant les Noirs ont une meilleure
structure ainsi que l'initiative.} 14. Ne3 Rc8 15. Bd2 Bc5 16. Bb5 a6 17. Bxd7+
Kxd7 18. Ke2 Kc6 19. Rhc1 g6 20. c4 f5 21. exf5 gxf5 22. Bc3 Bd4 23. Bxd4 exd4
24. Ng2 Kc5 25. Kd3 Rhe8 26. Rab1 b6 27. Rb2 Bf7 28. Rf2 $6 {Une idée qui va
compliquer la tâche déjà délicate des Blancs.} Rc6 29. Rff1 Rh6 30. h4 Rg8 31.
g4 fxg4 32. fxg4 Bg6+ 33. Kd2 Be4 34. g5 Rh5 35. Nf4 Rxh4 36. Ne6+ Kb4 ({ou} 
36... Kd6) 37. Nxd4 Rxg5 38. Rf6 Rg6 39. Rf2 Rg3 40. Nb3 a5 {La situation
étant quasiment sans espoir, les Blancs préfèrent en rester là.} 0-1

[Event "Nancy-B"]
[Site "?"]
[Date "2014.03.06"]
[Round "3"]
[White "Le Corre, B."]
[Black "Geller, J."]
[Result "0-1"]
[WhiteElo "2271"]
[BlackElo "2548"]
[Annotator "SR"]
[PlyCount "60"]
[EventDate "2014.03.06"]
[SourceDate "2014.03.06"]

1. e4 c5 2. Nf3 e6 3. d4 cxd4 4. Nxd4 a6 5. Nc3 Qc7 6. Bd3 Nf6 7. O-O Be7 8.
Be3 b5 9. a3 Bb7 10. Qe2 d6 11. f4 Nbd7 12. Kh1 O-O 13. Rae1 Nc5 14. Bg1 Nxd3
15. cxd3 Rac8 16. Rf3 g6 17. Ref1 Rfe8 18. f5 e5 19. fxg6 fxg6 20. Qd1 Qd7 (
20... exd4 $2 21. Bxd4 {avec avantage blanc. L'une des idées est Cf6 joue,
Db3+.}) 21. Qb3+ d5 22. Nc2 Kg7 {Un coup facile à jouer : un Roi ne reste pas
en face d'une Dame.} 23. Ne3 dxe4 24. dxe4 Rf8 25. h3 Nxe4 26. Bh2 $2 (26. Rf7+
$1 $16) 26... Rxf3 27. Rxf3 Nf6 $1 {Et Dxh3 pourrait être un problème.} 28.
Bxe5 Bxf3 29. gxf3 Qxh3+ 30. Kg1 Qxf3 0-1

[Event "Nancy-B"]
[Site "?"]
[Date "2014.03.06"]
[Round "3"]
[White "Welling, G."]
[Black "Barbot, P."]
[Result "1/2-1/2"]
[WhiteElo "2339"]
[BlackElo "2413"]
[Annotator "SR"]
[PlyCount "139"]
[EventDate "2014.03.06"]
[SourceDate "2014.03.06"]

1. Nf3 c5 2. c3 Nf6 3. d4 g6 4. g3 b6 5. Bg2 Bb7 6. Qb3 Qc8 7. O-O Bg7 8. Ne5
d5 9. dxc5 Qxc5 10. Be3 Qc8 11. c4 dxc4 12. Bxb7 Qxb7 13. Qxc4 O-O 14. Nc3 Nbd7
15. Nxd7 Qxd7 16. Qh4 Rfd8 17. Bg5 Qf5 18. Rac1 Rd7 19. Qf4 Qh3 20. Bxf6 Bxf6
21. Qf3 Rad8 22. Rfd1 Kg7 23. Rxd7 Rxd7 24. Rd1 Rxd1+ 25. Nxd1 Qd7 26. Qd3 Qxd3
27. exd3 Bd4 {Les Noirs ont une finale supérieure, mais la position blanche
demeure solide et difficile à mettre en déroute.} 28. Kf1 Kf6 29. Ke2 Ke6 30.
b3 Kd5 31. Ne3+ Kc5 32. Nc2 e5 33. g4 h6 34. h3 a5 35. Kf3 f6 36. Ke2 Bb2 37.
Kf3 Kd5 38. Ke3 Bc1+ 39. Ke2 b5 40. Kf3 f5 41. gxf5 gxf5 42. Ke2 Kc5 43. Kf3
Kd5 {(0h04)} 44. Ke2 {(0h06)} Bg5 45. Kf3 b4 46. Ke2 h5 47. Kf3 f4 48. Ke2 e4
49. dxe4+ Kxe4 50. f3+ Ke5 51. Kd3 Bd8 52. Ke2 Bb6 53. Kd3 Kf5 54. Ke2 Kg5 55.
Kf1 Kh4 56. Kg2 Ba7 57. Kh2 Kg5 58. Kg2 Kf5 59. Kf1 Ke5 60. Ke2 Kd5 61. Kd3 Bf2
62. Ke2 Bd4 63. Kd3 Bc3 64. a3 Ke5 65. axb4 axb4 66. Ke2 (66. Kc4 Bd2 67. Nxb4
Bxb4 68. Kxb4 Kd4 $11) 66... Kd5 67. Kd3 Ke5 68. Ke2 Kd5 69. Kd3 Ke5 70. Ke2
1/2-1/2

[Event "Nancy-B"]
[Site "?"]
[Date "2014.03.06"]
[Round "3"]
[White "Ider, B."]
[Black "Adrian, C."]
[Result "1/2-1/2"]
[WhiteElo "2379"]
[BlackElo "2239"]
[Annotator "SR"]
[PlyCount "116"]
[EventDate "2014.03.06"]
[SourceDate "2014.03.06"]

1. Nf3 c5 2. g3 b6 3. Bg2 Bb7 4. O-O Nf6 5. c4 g6 6. Nc3 Bg7 7. Re1 d5 8. d4
dxc4 9. dxc5 O-O 10. Qa4 bxc5 11. Rd1 Qb6 12. Qxc4 Nbd7 13. Na4 Qb4 14. Qxb4
cxb4 15. Be3 Rac8 16. Rac1 a5 17. Bd4 Rxc1 18. Rxc1 Rc8 19. Rxc8+ Bxc8 20. Nd2
Ba6 21. e3 Bb5 22. b3 Ne8 23. Nc4 e5 24. Ba7 Bxc4 25. bxc4 Nd6 26. c5 Nb5 27.
Bb6 Bf8 28. Bc6 Nxb6 29. cxb6 Nc3 30. Nxc3 bxc3 31. Ba4 Bd6 32. Kf1 Kf8 33. Ke2
e4 34. Kd1 Ke7 35. Kc2 Be5 36. Kb3 c2 37. Kxc2 Kd6 38. Be8 f6 39. Bf7 Kc6 40.
Bg8 h6 41. b7 Kxb7 42. Bd5+ Kc7 43. Bxe4 {La veille, Adrian a perdu une finale
de Fous de couleurs opposées totalement nulle. Cela n'a pu pousser Borya qu'à
continuer !} g5 44. Kd3 Kd6 45. Bg6 Ke7 46. Ke4 Kf8 47. Kf5 Kg7 48. Be8 Bc3 49.
e4 Bd4 50. f4 gxf4 51. gxf4 Be3 52. Bh5 Bg1 53. h3 Bh2 54. Bd1 Bg3 55. Bb3 Bh2
56. e5 fxe5 57. fxe5 Kf8 58. Kf6 Bg3 {suite illisible. Nulle 7 coups plus tard.
} 1/2-1/2

[Event "Nancy-B"]
[Site "?"]
[Date "2014.03.06"]
[Round "3"]
[White "Bellahcene, B."]
[Black "Camacho Collados, J."]
[Result "1/2-1/2"]
[WhiteElo "2284"]
[BlackElo "2393"]
[Annotator "SR"]
[PlyCount "125"]
[EventDate "2014.03.06"]
[SourceDate "2014.03.06"]

1. d4 Nf6 2. c4 b6 3. Nc3 Bb7 4. Qc2 d5 5. cxd5 Nxd5 6. Nf3 g6 7. e4 Nxc3 8.
bxc3 Bg7 9. h4 h6 10. h5 g5 11. Bb5+ Nd7 12. e5 e6 13. Ba3 Bf8 14. Bc1 Be7 15.
Bc4 Nf8 16. Be3 Qd7 17. a4 a6 18. Bd3 Qc6 19. Rg1 O-O-O 20. Nd2 f5 21. exf6
Bxf6 22. Be4 Qe8 23. Nc4 Bd5 24. Nd2 Qc6 25. Bd3 e5 26. Bxa6+ Kb8 27. Bb5 Qe6
28. O-O-O {Les deux Rois sont potentiellement en danger.} exd4 29. Bxd4 Bxd4
30. cxd4 Qf6 31. Nb3 Qf7 32. Kb2 Ne6 33. Bc4 Bxc4 34. Qxc4 Qxf2+ 35. Ka1 Rhe8
36. a5 Kb7 37. a6+ Ka7 38. Rgf1 Qg3 39. d5 Nc5 40. Nd4 Re4 ({Piégeux était} 
40... Qa3+ $2 41. Kb1 $18 {et la Dame noire s'est jetée dans la gueule du loup.
}) 41. Rf3 Qe5 42. Ka2 Ka8 43. a7 Kb7 (43... Nb7 $1 $17 {le Roi blanc est plus
vulnérable.}) 44. Qxc5 $2 {Diagramme #} bxc5 $2 (44... Re2+ $1 $19 {réfutait
violemment le coup blanc !}) 45. Rb1+ Ka8 (45... Ka6 46. Ra3#) 46. Rb8+ Rxb8
47. axb8=Q+ Kxb8 48. Nc6+ Kc8 49. Nxe5 Rxe5 50. Rf6 {La finale de Tours est
égale.} Rxd5 51. Rxh6 Kb7 52. Kb3 Rd4 53. Rg6 Rg4 54. h6 Rxg2 55. Kc4 Rc2+ 56.
Kd3 Rh2 57. Kc4 Rh5 58. Kxc5 g4+ 59. Kc4 c6 60. Rxg4 Rxh6 61. Rf4 Rh1 62. Rg4
Kb6 63. Rg3 {et nulle au 89ème coup.} 1/2-1/2

[Event "Nancy-A"]
[Site "?"]
[Date "2014.03.06"]
[Round "4"]
[White "Solodovnichenko, Y."]
[Black "Donchenko, A."]
[Result "1/2-1/2"]
[WhiteElo "2586"]
[BlackElo "2463"]
[PlyCount "92"]
[EventDate "2014.03.06"]
[SourceDate "2014.03.06"]

1. e4 c6 2. d4 d5 3. e5 Bf5 4. Nf3 e6 5. Be2 c5 6. Be3 cxd4 7. Nxd4 Ne7 8. Nd2
Nbc6 9. N2f3 Be4 10. O-O Ng6 11. Ng5 Ngxe5 12. Nxe4 dxe4 13. c3 Be7 14. Qa4 Qa5
15. Qxa5 Nxa5 16. Nb5 O-O 17. Bxa7 Nec4 18. b4 Nc6 19. Bxc4 Nxa7 20. Nxa7 Rxa7
21. Rfe1 Rc8 22. Rxe4 Kf8 23. a4 Rc7 24. g4 f5 25. gxf5 exf5 26. Rf4 g6 27. Be2
Rxc3 28. a5 Rb3 29. b5 Bb4 30. a6 bxa6 31. bxa6 Rb2 32. Kf1 Bd6 33. Rh4 Bb8 34.
Raa4 Re7 35. Rhb4 Rxb4 36. Rxb4 Ba7 37. Rc4 Kg7 38. Rc6 Kh6 39. h4 Re4 40. h5
Rf4 41. f3 Ra4 42. hxg6 hxg6 43. Bc4 Kg5 44. Bd5 Ra5 45. Bc4 Rc5 46. Rxc5 Bxc5
1/2-1/2

[Event "Nancy-A"]
[Site "?"]
[Date "2014.03.06"]
[Round "4"]
[White "Bukavshin, I."]
[Black "Brunner, N."]
[Result "1-0"]
[WhiteElo "2585"]
[BlackElo "2449"]
[Annotator "SRavot"]
[PlyCount "153"]
[EventDate "2014.03.06"]
[SourceDate "2014.03.06"]

1. d4 Nf6 2. Nf3 e6 3. c4 b6 4. Nc3 Bb4 5. e3 Bb7 6. Bd3 O-O 7. O-O c5 8. Na4
cxd4 9. exd4 Re8 10. Bf4 Bxf3 11. Qxf3 Nc6 12. Be5 Rc8 13. Rfd1 Bf8 14. Nc3 d6
15. Bxf6 Qxf6 16. Qxf6 gxf6 17. d5 Ne5 18. b3 f5 19. Bf1 a6 20. Ne2 Ng6 21. g3
Red8 22. Rac1 f4 23. Nd4 Bg7 24. Nc6 Rd7 25. b4 fxg3 26. hxg3 Ne7 27. Bg2 Kf8
28. Rd3 Re8 29. b5 axb5 30. cxb5 Nxd5 31. Bxd5 exd5 32. Rxd5 Ra8 33. Rc2 Bf6
34. Kg2 Kg7 35. Rcd2 Bc3 36. R2d3 Bf6 37. Rd2 Bc3 38. Re2 Bf6 39. Nb4 Ra4 40.
Nd3 Rd4 41. Nf4 Rxd5 42. Nxd5 Bd4 43. Re4 Bc5 44. Rg4+ Kf8 45. Nf6 Ra7 46.
Nxh7+ Ke7 47. Re4+ Kd8 48. Nf6 Rxa2 49. Re8+ Kc7 50. Nd5+ Kd7 51. Re7+ Kd8 52.
Rxf7 Rd2 53. Nc7 d5 54. g4 Bd6 55. Ne6+ Ke8 56. Rf5 Ke7 57. Nf4 Bxf4 58. Rxf4
Rb2 59. g5 Rxb5 60. g6 Rc5 61. Rf7+ Ke8 62. f4 d4 63. Rf6 Ke7 64. Rf7+ Ke8 65.
Rh7 Kf8 66. Kf3 Rd5 67. Ke4 Rd6 68. f5 d3 69. Ke5 d2 70. f6 Rd5+ 71. Kf4 Rd4+
72. Kg5 Rd5+ 73. Kh4 Rd4+ $2 {au bout de la journée et de la fatigue, dans une
finale de Tours difficile à jouer.} ({il fallait jouer} 73... Ke8 74. Re7+ Kd8
75. g7 Rh5+ {est la différence} 76. Kxh5 d1=Q+ 77. Kg6 Qd5 78. Re5 Qxe5 79.
g8=Q+ {avec un gain théorique selon les tables de Nalimov mais, forcément, des
chances pratiques pour les Noirs.}) 74. Kh3 Ke8 75. Re7+ Kd8 76. g7 Rg4 77. f7
1-0

[Event "Nancy-A"]
[Site "?"]
[Date "2014.03.06"]
[Round "4"]
[White "Sochacki, C."]
[Black "Genzling, A."]
[Result "0-1"]
[WhiteElo "2436"]
[BlackElo "2405"]
[Annotator "SRavot"]
[PlyCount "172"]
[EventDate "2014.03.05"]
[SourceDate "2014.03.06"]

1. e4 c5 2. Nf3 Nc6 3. d4 cxd4 4. Nxd4 g6 5. Nc3 Bg7 6. Be3 Nf6 7. Bc4 Qa5 8.
O-O O-O 9. Bb3 d6 10. h3 Bd7 11. f4 Nxd4 12. Bxd4 Bc6 13. Qe1 Qb4 14. Rd1 Nxe4
15. Qe3 {Un coup rare.} ({La ligne habituelle est} 15. Bxg7 Kxg7 16. Nd5 Qc5+
17. Kh2 Nf6 18. Nc7 Bxg2 19. Qxe7 Bxh3 20. Kxh3 Qh5+ 21. Kg2 Qg4+ 22. Kh2 Qh4+
23. Kg2 {avec nulle, comme déjà joué dans plusieurs parties.}) 15... Ng3 16.
Qxg3 Bxd4+ 17. Kh1 Bf6 18. Rd3 a5 19. a3 Qb6 20. a4 Qd8 21. Qe3 e6 22. Rfd1 d5
23. Ne2 Qe8 24. Qb6 Bxa4 25. Qxb7 Qb5 26. Qxb5 Bxb5 27. R3d2 Bxb2 {Avec deux
pions de plus nets, les Noirs sont gagnants.} 28. Rb1 Bxe2 29. Rxb2 Ba6 30. Rd1
Rfb8 31. Ra2 Rb5 32. Rda1 Bc8 33. Ba4 Rc5 34. Kg1 Rb8 35. Bb3 Ra8 36. Kf2 Bd7
37. Ke3 a4 38. Kd4 Rca5 39. c4 Kg7 40. Bc2 dxc4 41. Ra3 Bc6 42. g4 f6 43. Kxc4
Rc8 44. Kd4 Be8 45. Bd3 Rd5+ 46. Ke3 Rdc5 47. Kd2 h5 48. Re1 Bd7 49. f5 gxf5
50. gxf5 e5 51. Rg1+ Kf7 52. Bb1 Rd5+ 53. Ke3 Ke7 54. Rg7+ Kd8 55. Ba2 Rd4 56.
Rg8+ Kc7 57. Rc3+ Kb7 58. Rcxc8 Bxc8 59. Be6 {Un coup qui a surpris les Noirs
! Heureusement ils ont encore un coup jouable.} Bd7 60. Rg6 a3 61. Rxf6 Bxe6
62. fxe6 a2 (62... Kc6 $19) 63. Rf7+ Kb6 64. Rf1 (64. e7 a1=Q $19) 64... Kc6
65. e7 $1 Kd7 66. Rf8 Kxe7 67. Ra8 Kf6 (67... Rh4 68. Rxa2 Rxh3+ 69. Ke4 {avec
nulle théorique.}) 68. Rxa2 Rh4 69. Rf2+ Kg5 70. Rg2+ (70. Rf8 $142 Rxh3+ 71.
Ke4 {nulle théorique.}) 70... Kf5 71. Rf2+ Rf4 72. Ra2 (72. Rxf4+ $2 exf4+ 73.
Kf3 Ke5 $19 (73... h4 $19)) 72... Rb4 73. Ra3 (73. Rf2+) 73... h4 {Maintenant
cela doit gagner.} 74. Kf3 Rb2 75. Ra4 Rb3+ 76. Kg2 e4 77. Ra8 Rb2+ (77... Rg3+
78. Kf2 (78. Kh2 e3 $19) 78... Rxh3 $19 {gain théorique.}) 78. Kf1 Kf4 79. Rg8
(79. Ra3 $142 {est-il si clair que ça ?!}) 79... Kf3 80. Rf8+ Kg3 81. Re8 Rf2+
82. Ke1 Rf4 83. Ke2 Kxh3 84. Ke3 Kg3 85. Rh8 Rg4 86. Ke2 Kg2 0-1

[Event "Nancy-A"]
[Site "?"]
[Date "2014.03.06"]
[Round "4"]
[White "Istratescu, A."]
[Black "Rindlisbacher, L."]
[Result "1/2-1/2"]
[WhiteElo "2672"]
[BlackElo "2320"]
[PlyCount "88"]
[EventDate "2014.03.05"]
[SourceDate "2014.03.06"]

1. d4 Nf6 2. c4 e6 3. Nf3 d5 4. g3 dxc4 5. Bg2 a6 6. O-O Nc6 7. e3 Rb8 8. Nfd2
e5 9. Bxc6+ bxc6 10. dxe5 Ng4 11. Nxc4 Be6 {(1h18)} 12. Qxd8+ Rxd8 13. Nbd2 Bb4
14. b3 h5 15. h3 Bxd2 16. Nxd2 Nxe5 17. Bb2 Rxd2 18. Bxe5 Bxh3 19. Rfd1 Rxd1+
20. Rxd1 Bg4 21. Rd4 O-O 22. Kg2 Be6 23. e4 c5 24. Ra4 c4 25. bxc4 f6 26. Bf4
c5 27. a3 Rc8 28. Be3 Rc6 29. f4 f5 30. e5 Kf7 31. Kf3 Ke8 32. Ra5 Bxc4 33.
Bxc5 Bb5 34. a4 Bc4 35. Bd4 Be6 36. Rc5 Rxc5 37. Bxc5 Bd5+ 38. Ke3 Kf7 39. Kd4
Ke6 40. a5 g6 41. Bb6 Bc6 42. Kc5 Bb5 43. Bd8 Bd3 44. Kc6 Be2 1/2-1/2

[Event "Nancy-A"]
[Site "?"]
[Date "2014.03.06"]
[Round "4"]
[White "Demuth, A."]
[Black "Nezar, M."]
[Result "1/2-1/2"]
[WhiteElo "2488"]
[BlackElo "2392"]
[PlyCount "132"]
[EventDate "2014.03.05"]
[SourceDate "2014.03.06"]

1. Nf3 c5 2. b3 b6 3. g3 Bb7 4. Bg2 Nf6 5. c4 g6 6. Bb2 Bg7 7. Nc3 Ne4 {
Nouveauté} 8. Qc1 Nxc3 9. Bxc3 e5 10. O-O d6 11. e3 O-O 12. Qb2 Nc6 13. a3 a6
14. b4 cxb4 15. axb4 b5 16. d3 Qd7 17. Rfd1 Rfb8 18. Rab1 Ne7 19. e4 Rc8 20. c5
Nc6 21. d4 dxc5 22. dxe5 Qe7 23. bxc5 Rc7 24. Rbc1 Re8 25. Rd5 b4 26. Bxb4 Nxb4
27. Qxb4 Rec8 (27... Bxd5 $2 28. exd5 Bxe5 29. Nxe5 (29. d6 $2 Bxd6) 29... Qxe5
30. d6 $18) 28. Rd6 Bxe5 29. Nxe5 Qxe5 30. Rb6 a5 31. Qxa5 Rxc5 32. Rxc5 Rxc5
33. Qe1 Bc6 34. Rb1 Rc4 35. Qe2 Ra4 36. Re1 Kg7 37. Qd2 Ra1 38. Qe2 Bb5 39. Qe3
Bc6 40. h3 Rxe1+ 41. Qxe1 f5 42. f3 Qd4+ 43. Kh2 fxe4 44. fxe4 Qe5 45. Qf2 g5
46. Qa7+ Kg8 47. Qb6 Be8 48. Qd8 Kg7 49. h4 gxh4 50. Qxh4 Bg6 51. Qf4 Qh5+ 52.
Kg1 Qd1+ 53. Kh2 Qh5+ 54. Qh4 Qxh4+ 55. gxh4 Kf6 56. Kg3 Ke5 57. Kg4 h6 58. Bh1
Bxe4 59. Bxe4 Kxe4 60. Kh5 Kf5 61. Kxh6 Kf6 62. Kh7 Kf7 63. h5 Kf8 64. h6 Kf7
65. Kh8 Kf8 66. h7 Kf7 1/2-1/2

[Event "Nancy-B"]
[Site "?"]
[Date "2014.03.06"]
[Round "4"]
[White "Bellahcene, B."]
[Black "Le Corre, B."]
[Result "1/2-1/2"]
[WhiteElo "2284"]
[BlackElo "2271"]
[Annotator "SR"]
[PlyCount "59"]
[EventDate "2014.03.05"]
[SourceDate "2014.03.07"]

1. d4 Nf6 2. c4 g6 3. Nc3 Bg7 4. e4 d6 5. Nf3 O-O 6. Be2 e5 7. O-O Nbd7 8. Re1
Re8 9. Bf1 c6 10. Rb1 exd4 11. Nxd4 Nc5 12. f3 d5 13. e5 Nfd7 14. f4 dxc4 15.
Bxc4 Nb6 16. Bf1 f6 17. Be3 fxe5 18. Nf3 Qxd1 19. Rbxd1 Nca4 20. Nxa4 Nxa4 21.
Nxe5 Be6 (21... Nxb2 22. Rd4 b5 {est peu clair.}) 22. Rd2 Nb6 23. b3 Nd5 24.
Bc4 Bxe5 (24... Nxe3 25. Rxe3 $11) 25. fxe5 Nxe3 26. Bxe6+ Rxe6 27. Rxe3 Rae8
28. Rd7 R8e7 29. Rd8+ Re8 30. Rd7 1/2-1/2

[Event "Nancy-B"]
[Site "?"]
[Date "2014.03.06"]
[Round "4"]
[White "Ninov, N."]
[Black "Welling, G."]
[Result "1-0"]
[WhiteElo "2472"]
[BlackElo "2339"]
[Annotator "SR"]
[PlyCount "59"]
[EventDate "2014.03.05"]
[SourceDate "2014.03.07"]

1. e4 d5 2. exd5 Qxd5 3. Nc3 Qa5 4. d4 Nf6 5. Bd2 c6 6. Bc4 Qb6 7. Nf3 Bf5 8.
Qe2 Nbd7 9. O-O-O Bg4 10. Rhe1 e6 11. h3 Bxf3 12. Qxf3 O-O-O $6 (12... Qxd4 {
était critique}) 13. Bf4 {La Dame noire n'a plus tellement de cases.} Bb4 14.
a3 Be7 15. g4 {La position noire est difficile.} Rhe8 16. Be3 Qa5 17. Bd2 Nb6
$2 18. Nb5 Qxd2+ 19. Rxd2 Nxc4 20. Nxa7+ {Peut-être un coup oublié ou
sous-estimé par les Noirs.} Kc7 (20... Kb8 21. Nxc6+ bxc6 22. Qb3+ $18) 21.
Rde2 Rd7 22. Qb3 Rxd4 23. Qc3 Bc5 24. Rd1 Nd5 25. Qg3+ Bd6 26. Rxd4 $1 Bxg3 27.
fxg3 Ncb6 28. c4 Ne7 29. Rf4 f6 (29... Rf8 30. Ref2 $14 (30. Rxe6 $2 Ng6 {
attaque les deux Tours en même temps.})) 30. Rxe6 1-0